000 00516nam a2200205Ia 4500
005 20260429112059.0
008 260429s9999||||xx |||||||||||||| ||und||
020 _a9789363865785
041 _aEnglish
082 _a005.133
_bLOW
100 _aLowe, Doug
245 0 _aJava essentials for dummies /
_cDoug Lowe
250 _a1st ed.
260 _aNew Delhi :
_bWiley,
_c2025.
300 _aix, 196 p.; pbk
650 _a Computer programming
650 _aJava
700 _a McFedries, Paul
942 _cTB
999 _c52246
_d52246